[Event "Verden op-B"]
[Site "Verden"]
[Date "2023.01.08"]
[Round "7"]
[White "Mednik, Michael"]
[Black "Brinkmann, Rolf"]
[Result "0-1"]
[WhiteElo "1393"]
[BlackElo "1666"]
[PlyCount "42"]
[EventDate "2023.01.05"]
[EventType "swiss"]
[EventRounds "7"]
[EventCountry "GER"]
[SourceTitle "CBM 212 Extra"]
[Source "ChessBase"]
[SourceDate "2023.03.31"]
[SourceVersion "1"]
[SourceVersionDate "2023.03.31"]
[SourceQuality "1"]

1. e4 c5 2. Nf3 Nc6 3. d4 cxd4 4. Nxd4 g6 5. Nc3 Bg7 6. Be3 Nf6 7. f3 Qb6 8. Nf5 Qxb2 9. Nxg7+ Kf8 10. Ne6+ dxe6 11. Bd2 Kg7 12. Rb1 Qa3 13. Rb3 Qc5 14. Rb5 Qd6 15. Bd3 a6 16. Rb3 Rd8 17. Ne2 e5 18. 0-0 Be6 19. Rxb7 Bxa2 20. Qa1 Be6 21. Rb6 Qc5+ 0-1

[Event "Niedersachsen-ch op-B"]
[Site "Verden an der Aller"]
[Date "2020.01.02"]
[Round "2"]
[White "Brinkmann, Rolf"]
[Black "Heller, Rainer"]
[Result "1-0"]
[WhiteElo "1695"]
[BlackElo "1348"]
[PlyCount "40"]
[EventDate "2020.01.02"]
[EventType "swiss"]
[EventRounds "7"]
[EventCountry "GER"]
[SourceTitle "EXT 2023"]
[Source "ChessBase"]
[SourceDate "2022.10.05"]
[SourceVersion "1"]
[SourceVersionDate "2022.10.05"]
[SourceQuality "1"]

1. e4 e5 2. Nf3 Nc6 3. d4 exd4 4. Nxd4 Bc5 5. Be3 Bxd4 6. Bxd4 Nxd4 7. Qxd4 Nf6 8. Nc3 0-0 9. 0-0-0 Re8 10. f3 d6 11. g4 Be6 12. h4 g6 13. h5 g5 14. h6 c5 15. Qe3 Kh8 16. Qxg5 Rg8 17. Qf4 Ne8 18. Bb5 Nc7 19. Rxd6 Qg5 20. Qxg5 Rxg5 1-0

[Event "Niedersachsen-ch op B"]
[Site "Verden"]
[Date "2019.01.05"]
[Round "6"]
[White "Rabe, Maximilian"]
[Black "Brinkmann, Rolf"]
[Result "1-0"]
[WhiteElo "1642"]
[BlackElo "1699"]
[PlyCount "59"]
[EventDate "2019.01.03"]
[EventType "swiss"]
[EventRounds "7"]
[EventCountry "GER"]
[SourceTitle "EXT 2022"]
[Source "ChessBase"]
[SourceDate "2021.10.06"]
[SourceVersion "1"]
[SourceVersionDate "2021.10.06"]
[SourceQuality "1"]

1. e4 c5 2. Nf3 Nc6 3. d4 cxd4 4. Nxd4 g6 5. Nc3 Bg7 6. Be3 Nf6 7. Qd2 0-0 8. 0-0-0 Qa5 9. f3 d5 10. Nb3 Qd8 11. exd5 Na5 12. g4 Nxb3+ 13. axb3 Qa5 14. Kb1 a6 15. h4 h5 16. gxh5 Nxh5 17. Bh6 Rd8 18. Bxg7 Kxg7 19. Rg1 Qb6 20. Bd3 Qf6 21. Rg5 Qf4 22. Qg2 Rh8 23. Re1 Qc7 24. Ne2 e6 25. f4 Nxf4 26. Nxf4 Qxf4 27. dxe6 Bxe6 28. Rxg6+ Kf8 29. Rgxe6 Qxh4 30. Qxb7 1-0

[Event "Niedersachsen-ch op B"]
[Site "Verden"]
[Date "2019.01.04"]
[Round "4"]
[White "Von Knobloch, Benedikt"]
[Black "Brinkmann, Rolf"]
[Result "1/2-1/2"]
[WhiteElo "1481"]
[BlackElo "1699"]
[PlyCount "75"]
[EventDate "2019.01.03"]
[EventType "swiss"]
[EventRounds "7"]
[EventCountry "GER"]
[SourceTitle "EXT 2022"]
[Source "ChessBase"]
[SourceDate "2021.10.06"]
[SourceVersion "1"]
[SourceVersionDate "2021.10.06"]
[SourceQuality "1"]

1. Nf3 c5 2. c4 Nc6 3. Nc3 Nf6 4. e3 d5 5. d4 cxd4 6. Nxd4 Nxd4 7. Qxd4 e6 8. cxd5 Nxd5 9. Nxd5 Qxd5 10. Qxd5 exd5 11. Bb5+ Bd7 12. Bxd7+ Kxd7 13. Bd2 Rc8 14. Rc1 Rxc1+ 15. Bxc1 Bb4+ 16. Bd2 Rc8 17. Kd1 Rc4 18. Bxb4 Rxb4 19. Kc2 Ra4 20. a3 Rc4+ 21. Kd3 a5 22. Rd1 a4 23. Rd2 Kd6 24. Rc2 Rxc2 25. Kxc2 Ke5 26. Kc3 f5 27. h4 h5 28. f3 g6 29. Kd3 b6 30. Kc3 b5 31. g3 Kd6 32. f4 Kc5 33. b4+ axb3 34. Kxb3 Kc6 35. Kc2 Kb6 36. Kb2 Kc5 37. Kc3 Kc6 38. Kc2 1/2-1/2

[Event "Niedersachsen-ch op B"]
[Site "Verden"]
[Date "2018.01.06"]
[Round "5"]
[White "Rickling, Renee"]
[Black "Brinkmann, Rolf"]
[Result "1/2-1/2"]
[WhiteElo "1599"]
[BlackElo "1709"]
[PlyCount "86"]
[EventDate "2018.01.04"]
[EventType "swiss"]
[EventRounds "7"]
[EventCountry "GER"]
[SourceTitle "EXT 2022"]
[Source "ChessBase"]
[SourceDate "2021.10.06"]
[SourceVersion "1"]
[SourceVersionDate "2021.10.06"]
[SourceQuality "1"]

1. d4 f5 2. c4 d6 3. Nf3 Nf6 4. Nc3 c6 5. e3 g6 6. Bd3 Bg7 7. 0-0 0-0 8. Qe2 Qc7 9. e4 fxe4 10. Nxe4 Nxe4 11. Bxe4 Bg4 12. Be3 e5 13. d5 c5 14. h3 Bf5 15. Bxf5 gxf5 16. Ng5 Qd7 17. Qh5 h6 18. Ne6 Qf7 19. Qh4 f4 20. Nxf8 Qxf8 21. Bd2 Nd7 22. f3 Kh7 23. Rae1 Qf7 24. Qf2 Rg8 25. Rb1 Qh5 26. Kh1 Bf6 27. Qe2 Rg3 28. Be1 Rg7 29. Rg1 Bh4 30. Bxh4 Qxh4 31. g3 fxg3 32. Qe4+ Qxe4 33. fxe4 Nf6 34. Rbe1 Nh5 35. Re3 Rf7 36. Rexg3 Nxg3+ 37. Rxg3 Rf2 38. Rg2 Rf4 39. Rg4 Rxg4 40. hxg4 Kg6 41. Kg2 Kf6 42. Kf3 a6 43. a3 a5 1/2-1/2